[Event "BCF-chT4S 1617 (4NCL)"]
[Site "England"]
[Date "2017.01.15"]
[Round "4.124"]
[White "Matthews, Adrian MS"]
[Black "Hassall, Mark"]
[Result "1/2-1/2"]
[WhiteElo "1858"]
[BlackElo "1946"]
[PlyCount "46"]
[EventDate "2016.11.26"]
[EventType "team-swiss"]
[EventRounds "11"]
[EventCountry "ENG"]
[SourceTitle "EXT 2019"]
[Source "ChessBase"]
[SourceDate "2018.10.10"]
[SourceVersion "1"]
[SourceVersionDate "2018.10.10"]
[SourceQuality "1"]
[WhiteTeam "MK Phoenix II"]
[BlackTeam "West is Best II"]
[WhiteTeamCountry "ENG"]
[BlackTeamCountry "WLS"]

1. e4 c5 2. c3 Nf6 3. e5 Nd5 4. Bc4 Nb6 5. Bb3 c4 6. Bc2 d5 7. Nf3 Nc6 8. h3 Qc7 9. Qe2 g6 10. d4 cxd3 11. Bxd3 Bg7 12. Bf4 0-0 13. Na3 a6 14. Bg3 e6 15. 0-0 Nd7 16. Rfe1 b5 17. Nc2 Nc5 18. Ncd4 Nxd3 19. Qxd3 Bd7 20. Nxc6 Bxc6 21. Nd4 Qb6 22. Nf3 Rae8 23. Qd4 Qxd4 1/2-1/2

[Event "BCF-chT3 1415 (4NCL)"]
[Site "England"]
[Date "2015.03.22"]
[Round "8.160"]
[White "Whitaker, Brian"]
[Black "Hassall, Mark"]
[Result "0-1"]
[WhiteElo "1532"]
[BlackElo "1943"]
[PlyCount "36"]
[EventDate "2015.03.21"]
[EventType "team-swiss"]
[EventRounds "11"]
[EventCountry "ENG"]
[SourceTitle "EXT 2016"]
[Source "ChessBase"]
[SourceDate "2015.10.08"]
[SourceVersion "1"]
[SourceVersionDate "2015.10.08"]
[SourceQuality "1"]
[WhiteTeam "North East England II"]
[BlackTeam "West is Best"]
[WhiteTeamCountry "ENG"]
[BlackTeamCountry "ENG"]

1. e4 c5 2. Nc3 Nc6 3. f4 g6 4. Nf3 Bg7 5. Bb5 Nd4 6. 0-0 Nxb5 7. Nxb5 d5 8. exd5 a6 9. Nc3 Nf6 10. a4 Nxd5 11. Nxd5 Qxd5 12. Qe2 Bf5 13. d3 Bf6 14. Rb1 0-0 15. b3 Rfe8 16. Bb2 Bxb2 17. Rxb2 b5 18. Nh4 Qd4+ 0-1

[Event "BCF-ch Major op"]
[Site "Aberystwyth"]
[Date "2014.07.29"]
[Round "8"]
[White "Shepherd, Katherine M"]
[Black "Hassall, Mark"]
[Result "0-1"]
[WhiteElo "1787"]
[BlackElo "1962"]
[PlyCount "52"]
[EventDate "2014.07.21"]
[EventType "swiss"]
[EventRounds "11"]
[EventCountry "WLS"]
[SourceTitle "EXT 2017"]
[Source "ChessBase"]
[SourceDate "2016.10.25"]
[SourceVersion "1"]
[SourceVersionDate "2016.10.25"]
[SourceQuality "1"]

1. d4 e6 2. Nf3 b6 3. g3 Bb7 4. Bg2 f5 5. 0-0 Nf6 6. c4 Be7 7. Nc3 a5 8. d5 Na6 9. Nd4 Nc5 10. dxe6 Bxg2 11. exd7+ Qxd7 12. Kxg2 Rd8 13. Nf3 Qe6 14. Qc2 Qxc4 15. Qxf5 0-0 16. Ne5 Qa6 17. Qc2 b5 18. Be3 a4 19. Rad1 Rde8 20. Nd3 Ne6 21. Nf4 Ng4 22. Bc1 Bc5 23. Ncd5 Qa7 24. e4 Nd4 25. Qd3 Ne5 26. Be3 Nxd3 0-1

[Event "BCF-ch Major op"]
[Site "Aberystwyth"]
[Date "2014.07.27"]
[Round "6"]
[White "Hassall, Mark"]
[Black "Burke, Mitchell R"]
[Result "1/2-1/2"]
[WhiteElo "1962"]
[BlackElo "1974"]
[PlyCount "36"]
[EventDate "2014.07.21"]
[EventType "swiss"]
[EventRounds "11"]
[EventCountry "WLS"]
[SourceTitle "EXT 2017"]
[Source "ChessBase"]
[SourceDate "2016.10.25"]
[SourceVersion "1"]
[SourceVersionDate "2016.10.25"]
[SourceQuality "1"]

1. e4 c5 2. Nf3 d6 3. d4 cxd4 4. Nxd4 Nf6 5. Nc3 g6 6. Be3 a6 7. f3 b5 8. Qd2 Bb7 9. a3 Nbd7 10. g4 h6 11. h4 Rc8 12. h5 e5 13. Nde2 g5 14. Ng3 Qa5 15. Bd3 d5 16. Nxd5 Qxd2+ 17. Bxd2 Nxd5 18. exd5 Bxd5 1/2-1/2

[Event "BCF-ch Major op"]
[Site "Aberystwyth"]
[Date "2014.07.23"]
[Round "3"]
[White "Hassall, Mark"]
[Black "Robertson, Jim"]
[Result "1-0"]
[WhiteElo "1962"]
[BlackElo "1714"]
[PlyCount "79"]
[EventDate "2014.07.21"]
[EventType "swiss"]
[EventRounds "11"]
[EventCountry "WLS"]
[SourceTitle "EXT 2017"]
[Source "ChessBase"]
[SourceDate "2016.10.25"]
[SourceVersion "1"]
[SourceVersionDate "2016.10.25"]
[SourceQuality "1"]

1. e4 c6 2. d4 d5 3. Nc3 dxe4 4. Nxe4 Bf5 5. Ng3 Bg6 6. h4 h6 7. h5 Bh7 8. Nf3 Nd7 9. Bd3 Bxd3 10. Qxd3 e6 11. Bf4 Qa5+ 12. Bd2 Bb4 13. c3 Be7 14. c4 Qc7 15. 0-0-0 Ngf6 16. Bc3 0-0-0 17. Rhe1 Bd6 18. Ne4 Bf4+ 19. Kb1 Nxe4 20. Qxe4 Nf6 21. Qe2 Nxh5 22. g3 Bd6 23. d5 exd5 24. cxd5 c5 25. Ne5 Nf6 26. Qf3 Rhf8 27. Nc4 Ne8 28. Bxg7 Nxg7 29. Qg4+ f5 30. Qg6 h5 31. b4 cxb4 32. Rc1 Bc5 33. d6 Qd7 34. Re7 Qb5 35. Qxg7 Kb8 36. Kb2 Bxf2 37. d7 Rg8 38. Nd6 Bc5 39. Nxb5 Rxg7 40. Rxg7 1-0

[Event "Paington op"]
[Site "Paington"]
[Date "2009.09.11"]
[Round "6"]
[White "Hassall, Mark"]
[Black "Gregory, Keith D"]
[Result "0-1"]
[WhiteElo "1935"]
[BlackElo "2056"]
[PlyCount "44"]
[EventDate "2009.09.06"]
[EventType "swiss"]
[EventRounds "7"]
[EventCountry "ENG"]
[SourceTitle "CBM 132 Extra"]
[Source "ChessBase"]
[SourceDate "2009.11.03"]
[SourceVersion "1"]
[SourceVersionDate "2009.11.03"]
[SourceQuality "1"]

1. e4 d6 2. d4 g6 3. Nc3 Bg7 4. Bg5 a6 5. Qd2 b5 6. a3 Nd7 7. Nf3 Bb7 8. Be2 h6 9. Bh4 c5 10. 0-0 Qb6 11. Rfd1 cxd4 12. Nxd4 Ngf6 13. f3 e5 14. Bf2 exd4 15. Bxd4 Qd8 16. f4 0-0 17. e5 Ne4 18. Qe3 Nxc3 19. Bxc3 Qe7 20. Bg4 dxe5 21. fxe5 Nxe5 22. Re1 Qh4 0-1

[Event "Paington op"]
[Site "Paington"]
[Date "2009.09.09"]
[Round "4"]
[White "Hassall, Mark"]
[Black "Costello, Colin"]
[Result "1-0"]
[WhiteElo "1935"]
[BlackElo "2038"]
[PlyCount "101"]
[EventDate "2009.09.06"]
[EventType "swiss"]
[EventRounds "7"]
[EventCountry "ENG"]
[SourceTitle "CBM 132 Extra"]
[Source "ChessBase"]
[SourceDate "2009.11.03"]
[SourceVersion "1"]
[SourceVersionDate "2009.11.03"]
[SourceQuality "1"]

1. e4 e5 2. Nf3 Nc6 3. Bb5 Nf6 4. 0-0 Bc5 5. d3 d6 6. c3 0-0 7. Nbd2 Bg4 8. h3 Bh5 9. Re1 a6 10. Bxc6 bxc6 11. Nc4 Qd7 12. b4 Bb6 13. Be3 Rab8 14. a4 Rfe8 15. a5 Bxe3 16. Rxe3 Rb5 17. Na3 Rb7 18. Nc4 Reb8 19. Qe2 Qe8 20. Re1 c5 21. bxc5 Bxf3 22. Qxf3 dxc5 23. Qf5 Nd7 24. f4 f6 25. Rg3 Rb1 26. Rxb1 Rxb1+ 27. Kh2 Rc1 28. fxe5 Nxe5 29. Nxe5 Qxe5 30. Qc8+ Kf7 31. Qd7+ Kf8 32. Qxg7+ Ke8 33. Qxh7 Rxc3 34. Qf5 c4 35. Qxe5+ fxe5 36. dxc4 Rxc4 37. Rg6 Rxe4 38. Rxa6 Kd7 39. g4 Rf4 40. g5 Rf8 41. Rf6 Rg8 42. h4 c5 43. g6 c4 44. a6 c3 45. a7 Ke7 46. Rf2 Ra8 47. h5 c2 48. Rxc2 Kf6 49. Ra2 Kg5 50. g7 Kxh5 51. g8Q 1-0

[Event "Paington op"]
[Site "Paington"]
[Date "2008.09.03"]
[Round "4"]
[White "Hassall, Mark"]
[Black "James, Russell A"]
[Result "0-1"]
[WhiteElo "1879"]
[BlackElo "2225"]
[PlyCount "66"]
[EventDate "2008.08.31"]
[EventType "swiss"]
[EventRounds "7"]
[EventCountry "ENG"]
[SourceTitle "EXT 2010"]
[Source "ChessBase"]
[SourceDate "2010.11.25"]
[SourceVersion "1"]
[SourceVersionDate "2010.11.25"]
[SourceQuality "1"]

1. e4 e5 2. Nf3 Nc6 3. Bb5 Nf6 4. d3 d6 5. c3 Bd7 6. Nbd2 g6 7. 0-0 Bg7 8. Re1 0-0 9. Nf1 Nh5 10. d4 a6 11. Bc4 b5 12. Bb3 exd4 13. cxd4 Bg4 14. Be3 Na5 15. N1d2 Nxb3 16. Qxb3 Nf6 17. Bg5 h6 18. Bh4 Qc8 19. h3 Bxf3 20. Nxf3 g5 21. Bg3 Qb7 22. e5 Ne4 23. e6 d5 24. exf7+ Rxf7 25. Be5 Raf8 26. Rac1 c5 27. dxc5 Rxf3 28. gxf3 Nd2 29. Qe3 Nxf3+ 30. Kf1 Bxe5 31. Re2 d4 32. c6 Qc8 33. Kg2 dxe3 0-1

[Event "Paignton op"]
[Site "Paignton"]
[Date "2007.09.07"]
[Round "6"]
[White "Hassall, Mark"]
[Black "Wheeler, John Francis"]
[Result "0-1"]
[WhiteElo "1896"]
[BlackElo "2161"]
[PlyCount "66"]
[EventDate "2007.09.02"]
[EventType "swiss"]
[EventRounds "7"]
[EventCountry "ENG"]
[SourceTitle "EXT 2008"]
[Source "ChessBase"]
[SourceDate "2007.11.25"]
[SourceVersion "1"]
[SourceVersionDate "2007.11.25"]
[SourceQuality "1"]

1. e4 e5 2. Nf3 Nf6 3. Nxe5 d6 4. Nf3 Nxe4 5. d4 d5 6. Bd3 Nc6 7. 0-0 Be7 8. Re1 Bf5 9. Nbd2 Nd6 10. Bxf5 Nxf5 11. c3 0-0 12. Qc2 Qd7 13. Ne5 Nxe5 14. Rxe5 g6 15. Nf3 f6 16. Re2 Bd6 17. Bd2 Rfe8 18. Rae1 c6 19. Qc1 Rxe2 20. Rxe2 Re8 21. Qe1 Rxe2 22. Qxe2 Kf7 23. h3 Qc7 24. g4 Ng7 25. g5 Qe7 26. Qxe7+ Kxe7 27. h4 Ne6 28. gxf6+ Kxf6 29. Ng5 Nxg5 30. Bxg5+ Kf5 31. Kg2 Ke4 32. f3+ Kd3 33. Kh3 Kc2 0-1

[Event "Paignton op"]
[Site "Paignton"]
[Date "2007.09.05"]
[Round "4"]
[White "Hassall, Mark"]
[Black "Gregory, Keith D"]
[Result "0-1"]
[WhiteElo "1896"]
[BlackElo "2100"]
[PlyCount "54"]
[EventDate "2007.09.02"]
[EventType "swiss"]
[EventRounds "7"]
[EventCountry "ENG"]
[SourceTitle "EXT 2008"]
[Source "ChessBase"]
[SourceDate "2007.11.25"]
[SourceVersion "1"]
[SourceVersionDate "2007.11.25"]
[SourceQuality "1"]

1. e4 d6 2. d4 g6 3. Nc3 Bg7 4. Be3 a6 5. Qd2 Nd7 6. f3 c6 7. g4 b5 8. a3 Bb7 9. Nge2 Rc8 10. Bg2 Nb6 11. b3 Nd7 12. h4 h5 13. g5 e6 14. 0-0 Ne7 15. Bh3 0-0 16. Rad1 Qc7 17. f4 c5 18. f5 exf5 19. exf5 cxd4 20. f6 Qc6 21. Nf4 dxe3 22. Qxe3 Qh1+ 23. Kf2 Qh2+ 24. Ke1 Nf5 25. Bxf5 Rfe8 26. Be6 Nxf6 27. Nxg6 Rxc3 0-1

[Event "Paignton op"]
[Site "Paignton"]
[Date "2007.09.03"]
[Round "2"]
[White "Hassall, Mark"]
[Black "Hurwitz, Ed"]
[Result "1/2-1/2"]
[WhiteElo "1896"]
[BlackElo "2100"]
[PlyCount "36"]
[EventDate "2007.09.02"]
[EventType "swiss"]
[EventRounds "7"]
[EventCountry "ENG"]
[SourceTitle "EXT 2008"]
[Source "ChessBase"]
[SourceDate "2007.11.25"]
[SourceVersion "1"]
[SourceVersionDate "2007.11.25"]
[SourceQuality "1"]

1. e4 d6 2. d4 Nf6 3. Nc3 Nbd7 4. f4 e5 5. Nf3 exd4 6. Qxd4 c6 7. Bc4 d5 8. exd5 Bc5 9. Qd3 0-0 10. dxc6 bxc6 11. h3 Qc7 12. Bd2 Re8+ 13. Kd1 Nb6 14. Re1 Rd8 15. Qf1 Bd6 16. Bd3 Bxf4 17. Bxf4 Qxf4 18. Ne5 Qxf1 1/2-1/2